Stati degli Stati Uniti più ad Est - Statistics

Statistiche generali
  • Questo quiz è stato fatto 30 volte
  • Il punteggio medio è 8 su 10
Statistiche sulle risposte
Longitudine punto statale più ad Est Stato federale % Corretto
71°51'18''W New York
100%
66°57′02''W Maine
96%
71°07'31'W Rhode Island
93%
70°36′41″W New Hampshire
89%
73°54'15''W New Jersey
85%
69°45'48''W Massachusetts
81%
71°27'49''W Vermont
81%
74°41'21''W Pennsylvania
74%
71°47'14''W Connecticut
70%
75°02'58'W Delaware
63%
Nessun quiz corrispondente trovato
Distribuzione punteggi
Percentuale di utenti per punteggio
Percentile per numero di risposta
I tuoi punteggi nel tempo
Non hai fatto questo quiz